100 największych miast Belgii na mapie - Statystyki

Ogólne statystyki
  • Ten quiz został rozwiązany 149 razy
    122 od ostatniego zresetowania
  • Średni wynik to 11 z 100
Odpowiedzi na mapie
Odpowiedzi zakodowano w zielono-czerwonej skali na mapie do tego quizu, zgodnie z poniższymi procentami.
 
Statystyki odpowiedzi
Populacja Miasto % Poprawnych
188 737 Bruksela
99%
530 630 Antwerpia
85%
195 278 Liège
68%
265 086 Gandawa
64%
202 421 Charleroi
56%
118 509 Brugia
53%
67 009 Genk
49%
112 559 Namur
38%
96 545 Mons
33%
122 547 Anderlecht
32%
102 236 Louvain
31%
71 557 Ostenda
30%
77 741 Courtrai
27%
86 996 Malines
26%
30 356 Waterloo
22%
35 039 Ypres
17%
37 600 Mol
16%
42 703 Lokeren
15%
88 854 Alost
13%
130 690 Schaerbeek
13%
68 518 Tournai
13%
79 524 Hasselt
12%
59 179 Mouscron
12%
97 697 Molenbeek-Saint-Jean
11%
80 167 Saint-Nicolas
11%
34 396 Lommel
10%
40 845 Saint-Trond
10%
38 948 Waregem
10%
30 818 Arlon
9%
80 992 La Louvière
9%
37 309 Lierre
9%
64 495 Roulers
9%
87 052 Ixelles
7%
32 875 Knokke-Heist
7%
49 531 Beveren
6%
44 315 Deinze
6%
52 751 Jette
6%
48 837 Saint-Gilles
6%
46 372 Turnhout
6%
85 099 Uccle
6%
55 102 Verviers
6%
30 594 Aerschot
5%
43 608 Evere
5%
56 616 Forest
5%
41 284 Hal
5%
39 626 Ninove
5%
35 111 Wavre
5%
58 541 Woluwe-Saint-Lambert
5%
42 216 Woluwe-Saint-Pierre
5%
35 916 Zaventem
5%
34 986 Auderghem
4%
41 146 Geel
4%
31 363 Ottignies-Louvain-la-Neuve
4%
34 157 Schoten
4%
63 926 Seraing
4%
31 562 Tongres
4%
27 341 Zottegem
4%
47 217 Beringen
3%
40 346 Braine-l'Alleud
3%
44 095 Dilbeek
3%
29 085 Nivelles
3%
35 973 Tirlemont
3%
27 774 Tubize
3%
29 340 Aalter
2%
28 625 Ans
2%
31 148 Courcelles
2%
48 535 Etterbeek
2%
38 539 Grimbergen
2%
43 594 Heist-sur-la-Montagne
2%
28 455 Herentals
2%
40 481 Herstal
2%
27 442 Kapellen
2%
35 486 Leeuw-Saint-Pierre
2%
30 635 Tamise
2%
27 436 Willebroek
2%
34 494 Asse
1%
29 630 Ath
1%
31 866 Audenarde
1%
33 470 Binche
1%
38 237 Brasschaat
1%
30 143 Brecht
1%
36 087 Everghem
1%
34 328 Grammont
1%
29 095 Harelbeke
1%
33 982 Menin
1%
33 601 Pelt
1%
26 702 Renaix
1%
26 965 Saint-Josse-ten-Noode
1%
28 523 Soignies
1%
46 325 Termonde
1%
46 354 Vilvorde
1%
27 863 Andenne
0%
32 455 Bilzen
0%
35 527 Châtelet
0%
34 243 Heusden-Holder
0%
30 844 Houthalen-Helchteren
0%
28 845 Iseghem
0%
39 409 Maasmechelen
0%
28 254 Sambreville
0%
31 565 Wevelgem
0%
Nie znaleziono quizów pasujących do podanych kryteriów
Rozkład punktacji
Procent ludzi z każdym wynikiem
Percentyl według liczby udzielonych odpowiedzi
Twoja historia wyników
Nie rozwiązałeś tego quizu od ostatniego zresetowania